Entry Personal Name
Number of records used in: 1
001 - CONTROL NUMBER
003 - CONTROL NUMBER IDENTIFIER
005 - DATE AND TIME OF LATEST TRANSACTION
- control field:
20230825114702.0
008 - FIXED-LENGTH DATA ELEMENTS
- fixed length control field:
880511n| azannaabn |n aaa
010 ## - LIBRARY OF CONGRESS CONTROL NUMBER
- LC control number:
n 88635242
035 ## - SYSTEM CONTROL NUMBER
- System control number:
(OCoLC)oca02272500
040 ## - CATALOGING SOURCE
- Original cataloging agency:
DLC
- Language of cataloging:
eng
- Description conventions:
rda
- Transcribing agency:
DLC
- Modifying agency:
DLC
- Modifying agency:
ScU
100 1# - HEADING--PERSONAL NAME
- Personal name:
Stine, Robert A.
372 ## - FIELD OF ACTIVITY
- Field of activity:
Statistics--Study and teaching
- Field of activity:
Commercial statistics
- Source of term:
lcsh
373 ## - ASSOCIATED GROUP
- Associated group:
Wharton School
- Source of term:
naf
- Start period:
1979
373 ## - ASSOCIATED GROUP
- Associated group:
Princeton University
- Associated group:
University of Michigan
- Associated group:
University of South Carolina
- Source of term:
naf
374 ## - OCCUPATION
- Occupation:
Authors
- Occupation:
College teachers
- Occupation:
Visiting teachers
- Source of term:
lcsh
375 ## - GENDER
- Gender:
Males
- Source of term:
lcdgt
377 ## - ASSOCIATED LANGUAGE
670 ## - SOURCE DATA FOUND
- Source citation:
nuc88-56442: His Prediction intervals for time series, 1982
- Information found:
(hdg. on VtU rept.: Stine, Robert A.; usage: Robert A. Stine)
670 ## - SOURCE DATA FOUND
- Source citation:
Statistical computing environments for social research, c1996:
- Information found:
CIP t.p. (Robert Stine)
670 ## - SOURCE DATA FOUND
- Source citation:
Statistics for business, 2016:
- Information found:
eCIP t.p. (Robert Stine) data view screen (Wharton School of the University of Pennsylvania)
670 ## - SOURCE DATA FOUND
- Source citation:
Wharton School website, October 30, 2018:
- Information found:
(Robert A. Stine, Professor of Statistics; education, PhD, Princeton University, 1982; MA, Princeton University, 1979; BS, University of South Carolina, 1977; academic positions held, Wharton: 1979-present (Research Associate, Analysis Center for Evaluation of Energy Modeling and Statistics, 1979-83, Director of Computing Analysis Center, 1979-83); previous appointments: Princeton University; University of Michigan; University of South Carolina; visiting appointment: University of Michigan)
- Uniform Resource Identifier:
https://statistics.wharton.upenn.edu/profile/stine/